| 000 | 00858nam a2200217Ii 4500 | ||
|---|---|---|---|
| 003 | JO-AjNU | ||
| 008 | 230605s9999||||xx |||||||||||||| ||und|| | ||
| 017 | _a2009/7/3122 | ||
| 020 | _a978-9957-74-065-8 | ||
| 040 |
_aJO-AjNU _bara _erda _cJO-AjNU |
||
| 041 | _aara | ||
| 050 | 1 | 4 | _aLB2806.I5.M35 2010 |
| 100 | 3 |
_aمنصور،عزمي, _eauthor _950245 |
|
| 245 | 0 | 0 | _aتغيير المناهج المدرسية وإرتباطة بالتغيرات الإجتماعية والسياسية والإقتصادية في الأردن (1950-2000) |
| 264 | 3 | 1 | _aعمان:دار كنوز المعرفة للنشر والتوزيع،2009 |
| 300 |
_a336ص _bملحق:ص(319-330) |
||
| 336 |
_atext _btxt _2rdacontent |
||
| 337 |
_aunmediated _bn _2rdamedia |
||
| 338 |
_avolume _bnc _2rdacarrier |
||
| 650 | 4 |
_aالمقررات الرئيسية-الأردن _950246 |
|
| 999 |
_aA22121 _c25689 _d25689 |
||